[Event "MARCEL 1st Div Ch-League 2019"]
[Site "Dhaka"]
[Date "2019.11.14"]
[Round "3.8"]
[White "Nayem, Haque"]
[Black "Tanvir, Alam"]
[Result "1-0"]
[WhiteElo "1875"]
[BlackElo "1895"]
[Annotator "NA RC"]
[PlyCount "107"]
[EventDate "2019.11.12"]
[EventCountry "BAN"]
[SourceTitle "playchess.com"]
[Source "ChessBase"]
[SourceQuality "1"]
[TimeControl "5400+30"]

{[%evp 8,107,-33,-26,-26,-20,33,-14,108,-27,-16,-14,-13,-20,0,-20,-23,-18,-19,-30,-24,-22,-27,-27,0,-29,44,30,27,-18,-12,-14,-10,-7,25,-42,0,-16,27,18,79,106,90,107,194,186,200,209,204,182,216,235,246,157,156,157,178,158,228,251,416,144,235,207,221,198,203,182,219,191,32767,32767,32767,32767,32767,32767,32767,32767,32767,297,306,139,714,843,5397,5306,29982,29969,29992,522,509,491,562,539,515,579,574,641,704,713,29984,29986]} 1. e4 {[%emt 0:00:00]} c5 {[%emt 0:00:07]} 2. d4 {[%emt 0:00:00]} cxd4 {[%emt 0:00:19]} 3. c3 {[%emt 0:00:00]} dxc3 {[%emt 1:31:04]} 4. Nxc3 {[%emt 0:00:00]} Nc6 {[%emt 0:00:00]} 5. Nf3 {[%emt 0:00:00]} d6 {[%emt 0:00:00]} 6. Bc4 {[%emt 0:00:00]} Nf6 {[%emt 0:00:00]} 7. O-O {[%emt 0:06:02]} (7. e5 $5 {[%cal Re5f6]} Ng4 8. exd6 $11) 7... g6 {[%emt 0:00:00] [#]} (7... a6 $11 {keeps the balance.}) 8. h3 {[%emt 0:06:26]} ({White should play} 8. e5 $1 $16 {[%mdl 512]} d5 (8... Nxe5 9. Nxe5) 9. Bb5 (9. exf6 dxc4 10. Qxd8+ Nxd8 $16) (9. Nxd5 Nxd5 10. Bxd5 Bg7 $16)) 8... Bg7 {[%emt 0:00:00]} 9. Qe2 {[%emt 0:00:02]} O-O {[%emt 0:00:00]} 10. Rd1 {[%emt 0:00:02]} Nd7 {[%emt 0:00:00]} 11. Be3 {[%emt 0:01:15]} Nde5 {[%emt 0:00:00]} 12. Nxe5 {[%emt 0:00:25] Pin B21: Sicilian: 2 f4 and Morra Gambit} Nxe5 {[%emt 0:00:00]} 13. Bb3 {[%emt 0:00:16]} Bd7 {[%emt 0:00:00]} (13... Nc6 14. Rac1 Na5 15. Bc2 Be6 16. Bb1 Nc4 17. Bf4 Qb6 18. b3 {1-0 (40) Masoudi,K (1584)-Will,S (1723) Frankfurt 2018}) 14. Rac1 {[%emt 0:01:18]} Bc6 {[%emt 0:00:00]} 15. Qd2 $146 {[%emt 0:08:50]} ({Predecessor:} 15. f4 Nd7 16. Bf2 Qa5 17. Nd5 Rfe8 18. Be1 Qd8 19. Nb4 Qb6+ {0-1 (40) Ruigrok,J-White,S Guernsey 1990}) 15... Kh8 {[%emt 0:00:00]} 16. Bd4 {[%emt 0:01:27]} f6 {[%emt 0:00:00]} (16... a6 $15) 17. f4 {[%emt 0:04:17]} Nf7 {[%emt 0:00:00]} 18. Nd5 {[%emt 0:04:06]} e6 {[%emt 0:00:00]} 19. Nc3 {[%emt 0:03:18]} Qe7 {[%emt 0:00:00]} 20. Qf2 {[%emt 0:01:35]} b6 {[%emt 0:00:00]} 21. Be3 {[%emt 0:05:39]} ({Better is} 21. f5 $11) 21... Rac8 {[%emt 0:00:00]} 22. f5 {[%emt 0:01:16]} gxf5 {[%emt 0:00:00]} 23. exf5 {[%emt 0:01:06]} e5 {[%emt 0:00:00]} (23... exf5 $11 {keeps the balance.} 24. Nd5 Qe8) 24. Be6 {[%emt 0:00:54]} Rb8 {[%emt 0:00:00]} 25. Qd2 {[%emt 0:03:47]} Rg8 {[%emt 0:00:00]} (25... d5 $16 {was worth a try.} 26. Nxd5 Bxd5 27. Qxd5 (27. Bxd5 Rfd8 $16) 27... Rbd8) 26. Nd5 {[%emt 0:00:34]} Bxd5 {[%emt 0:00:00]} 27. Qxd5 {[%emt 0:00:02]} ({Don't do} 27. Bxd5 $6 Rbc8 $16) 27... Rgf8 {[%emt 0:00:00] [#]} 28. Rc6 $1 {[%emt 0:01:24]} Nd8 {[%emt 0:00:00]} 29. Rxd6 {[%emt 0:01:30]} Nxe6 {[%emt 0:00:00]} 30. fxe6 {[%emt 0:00:52]} ({Don't take} 30. Qxe6 $6 Qb7 $16) 30... Rbe8 {[%emt 0:00:00]} 31. Bd2 {[%emt 0:02:33]} f5 {[%emt 0:00:00]} 32. Bc3 {[%emt 0:00:02]} Qg5 {[%emt 0:01:45]} (32... Rg8 $16 {keeps fighting.} 33. Bxe5 Bxe5 34. Qxe5+ {[%mdl 64] Double Attack} Qg7) 33. Rd7 {[%emt 0:24:31]} Bf6 {[%emt 0:01:26]} (33... Rg8 $142 34. Rxg7 {[%mdl 64] Remove Defender} (34. Rxa7 Bf6 $16) 34... Rxg7 35. Bxe5 Kg8) 34. Kh1 $2 {[%emt 0:06:19]} (34. Rf7 $18 {is more deadly.}) 34... f4 {[%emt 0:02:22]} 35. Re1 {[%emt 0:02:02]} f3 {[%emt 0:02:39]} 36. Qxf3 {[%emt 0:00:35]} Rxe6 {[%emt 0:00:28]} 37. Qe4 {[%emt 0:03:54]} Qh5 {[%emt 0:04:05]} 38. Rf1 {[%emt 0:01:48]} Bg7 {[%emt 0:01:13]} 39. Rxf8+ {[%emt 0:01:13]} Bxf8 {[%emt 0:00:03]} 40. Rd8 {[%emt 0:00:52]} Kg7 {[%emt 0:00:39]} 41. Rd5 {[%emt 0:01:13]} Kf6 {[%emt 0:00:29]} 42. Rd3 {[%emt 0:02:14]} Bc5 {[%emt 0:01:51]} 43. Rf3+ {[%emt 0:00:54]} Kg7 {[%emt 0:00:54]} 44. Qd5 {[%emt 0:00:58]} (44. Qb7+ $18 {is more deadly.} Kh8 45. b4 (45. Qxa7 Qg6 $18)) 44... Re7 $2 {[%emt 0:00:29]} (44... Qe8 $16 45. Rg3+ Kh8) 45. b4 {[%emt 0:00:11]} Qg5 {[%emt 0:01:31]} 46. bxc5 {[%emt 0:00:31]} bxc5 {[%emt 0:00:22]} 47. Qxc5 {[%emt 0:00:26]} Kg6 {[%emt 0:00:28]} 48. Qe3 {[%emt 0:00:29]} (48. Qd6+ $142 Kg7 49. Bd2 Qh4 {[#]} 50. Bh6+ $1 {[%mdl 576] Deflection} Qxh6 51. Qxe7+ {[%mdl 64] Double Attack} Kg8 52. Qe8+ Kg7 53. Qf8+ Kg6 54. Qf6+ Kh5 55. g4#) 48... Qxe3 {[%emt 0:00:24]} 49. Rxe3 {[%emt 0:00:02]} Kf5 {[%emt 0:00:07]} 50. Kg1 {[%emt 0:02:22]} e4 {[%emt 0:00:26]} 51. Kf2 {[%emt 0:00:20]} h5 {[%emt 0:00:54]} 52. h4 {[%emt 0:00:31]} Re6 {[%emt 0:00:35]} 53. Rg3 {[%emt 0:00:12]} Ra6 {[%emt 0:01:08]} 54. Rg5+ {[%emt 0:00:08] Double Attack} 1-0

[Event "MARCEL 1st Div Ch-League 2019"]
[Site "Dhaka"]
[Date "2019.11.14"]
[Round "3.9"]
[White "Utsab Chatterjee"]
[Black "Rahman, Almasur"]
[Result "1-0"]
[WhiteElo "2225"]
[BlackElo "1958"]
[Annotator "TA"]
[PlyCount "76"]
[EventDate "2019.11.12"]
[EventCountry "BAN"]
[SourceTitle "playchess.com"]
[Source "ChessBase"]
[SourceQuality "1"]

{[%evp 23,76,7,27,-10,-20,-14,57,49,62,54,47,51,364,321,366,379,372,369,351,364,403,402,396,393,390,400,807,436,422,447,449,449,441,438,450,443,497,500,485,482,590,585,578,572,529,581,591,578,683,668,728,715,713,709,717]} 1. e4 e5 2. Nf3 Nc6 3. Bb5 a6 4. Ba4 Be7 5. d3 d6 6. c3 Nf6 7. O-O O-O 8. Re1 b5 9. Bb3 Na5 10. Bc2 c5 11. Nbd2 {[%cal Bb1d2,Bd2f1,Bf1e3,Be3d5][%mdl 32]} Re8 12. Nf1 Bf8 13. d4 {C90: Closed Ruy Lopez with 7...d6: Early deviations} cxd4 14. cxd4 Qc7 (14... exd4 $11 15. Nxd4 Qb6) (14... Bg4 15. d5 Rc8 16. Bd3 Nc4 17. h3 Bh5 18. g4 Bg6 19. Ng3 Nd7 20. b3 Ncb6 {½-½ (49) Bacrot,E (2725)-Amin,B (2689) Riadh 2017}) 15. Bg5 $14 {White is slightly better.} Be7 16. Rc1 Bg4 $146 ({Predecessor:} 16... Nc4 17. Bb3 h6 18. Bh4 Bb7 19. N1d2 Qd8 20. Nxc4 bxc4 21. Bxc4 Nxe4 22. Bxf7+ {1-0 (35) Michailow,S (2065)-Kahlert,T (2259) Hamburg 1999}) 17. Ne3 exd4 $2 {[%mdl 8192] [#]} (17... Rac8 $14) 18. e5 $1 $18 {[%cal Re5f6]} ({Not} 18. Qxd4 Nc6 $14) 18... Bxf3 19. Qxf3 Qb7 20. Qxb7 ({Don't do} 20. exf6 Qxf3 21. gxf3 gxf6 $18) 20... Nxb7 21. exf6 gxf6 22. Nd5 fxg5 23. Nxe7+ Kf8 24. Nf5 Re5 (24... Rxe1+ $142 25. Rxe1 Nc5 26. Nxd4 h5) 25. Nxd4 {White is clearly winning.} h5 26. Rxe5 dxe5 27. Nf3 Rc8 28. Nxe5 Nd6 29. Nd3 f6 30. Bd1 Rxc1 31. Nxc1 h4 32. b4 Ke7 33. Nb3 Ne4 34. Bc2 Nc3 35. a3 Kd6 36. Nc5 Ne2+ 37. Kf1 Nd4 38. Bd3 Kd5 {Accuracy: White = 84%, Black = 34%.} 1-0

[Event "MARCEL 1st Div Ch-League 2019"]
[Site "Dhaka"]
[Date "2019.11.14"]
[Round "3.10"]
[White "Habibur Rahman, Sohel"]
[Black "Bhuiyan, Golam Mostafa"]
[Result "0-1"]
[WhiteElo "1841"]
[BlackElo "2060"]
[Annotator "NA RC"]
[PlyCount "74"]
[EventDate "2019.11.12"]
[EventCountry "BAN"]
[SourceTitle "playchess.com"]
[Source "ChessBase"]
[SourceQuality "1"]
[TimeControl "5400+30"]

{[%evp 8,68,-25,-34,-6,-32,-37,-27,-34,-42,-42,-36,-35,-41,-34,-87,-14,-13,0,0,107,119,99,28,75,18,89,148,163,162,131,41,105,55,99,83,81,106,84,8,45,32767,32767,32767,32767,-321,-250,-462,-543,-534,-497,-429,-480,-447,-417,-420,-528,-1144,-709,-1011,-1027,-995,-1118]} 1. e4 {[%emt 0:00:00]} c5 {[%emt 0:00:00]} 2. Bc4 {[%emt 0:00:15]} Nc6 {[%emt 0:00:00]} 3. a3 {[%emt 0:02:39]} Nf6 {[%emt 0:00:34]} 4. Nc3 {[%emt 0:01:22]} e6 {[%emt 0:00:03]} 5. d3 {[%emt 0:01:56]} a6 {[%emt 0:00:13]} 6. Nge2 {[%emt 0:04:03] B20: Sicilian: Unusual White 2nd moves} (6. Ba2 d5 7. exd5 Nxd5 8. Nxd5 exd5 9. Ne2 Be7 10. Nf4 d4 11. O-O O-O 12. Re1 Bd6 13. Qh5 {½-½ (42) Santos Latasa,J (2523)-Krause,B (2438) Getxo 2017}) 6... Be7 {[%emt 0:00:34]} 7. O-O {[%emt 0:01:51]} b5 {[%emt 0:00:27]} 8. Ba2 {[%emt 0:03:45]} O-O {[%emt 0:00:10]} 9. Ng3 {[%emt 0:04:49]} Bb7 {[%emt 0:00:58]} 10. f4 {[%emt 0:02:31]} d5 {[%emt 0:00:21]} 11. Kh1 $146 {[%emt 0:07:15]} ({Predecessor:} 11. f5 c4 12. Bg5 Nxe4 13. Bxe7 Nxc3 14. Bxd8 Nxd1 15. Raxd1 Raxd8 16. fxe6 fxe6 17. dxc4 Rxf1+ 18. Nxf1 bxc4 {0-1 (30) Doorn,D (1624)-Glavas,E (1960) ICCF email 2008}) 11... d4 {[%emt 0:07:31]} (11... dxe4 $17 12. Ncxe4 Nxe4 13. Nxe4 Nd4) 12. Nce2 {[%emt 0:01:03]} Rc8 {[%emt 0:00:31]} 13. Ng1 {[%emt 0:00:38]} e5 {[%emt 0:08:35]} (13... Qc7 $11 {remains equal.}) 14. Nf5 {[%emt 0:08:30]} Bd6 {[%emt 0:01:15]} 15. Nh3 {[%emt 0:08:46]} (15. fxe5 $16 Nxe5 16. Bg5) 15... exf4 {[%emt 0:02:55]} (15... c4 $11) 16. Nxf4 {[%emt 0:05:50]} Ne5 {[%emt 0:00:23]} 17. Nh5 {[%emt 0:04:34]} Nxh5 {[%emt 0:01:40]} 18. Qxh5 {[%emt 0:00:14]} c4 {[%emt 0:00:22]} ({But not} 18... g6 $2 {[#]} 19. Qh6 $1 $18 {[%mdl 512]}) 19. Bf4 {[%emt 0:03:44]} ({Much worse is} 19. Nxd4 $6 g6 $11) (19. Rf4 $16 h6 20. Bd2) 19... f6 {[%emt 0:00:07]} 20. Nxd4 {[%emt 0:02:42]} g6 {[%emt 0:04:59]} 21. Qh3 {[%emt 0:01:55]} Re8 {[%emt 0:00:37]} 22. Ne2 {[%emt 0:04:59]} Kh8 {[%emt 0:00:24]} 23. Nc3 {[%emt 0:01:28]} (23. Rac1 $16) 23... cxd3 {[%emt 0:03:56]} 24. cxd3 {[%emt 0:04:12]} Bxa3 {[%emt 0:02:16]} 25. Bxe5 {[%emt 0:02:57]} Rxe5 {[%emt 0:00:07]} 26. d4 $2 {[%emt 0:03:07] [#]} (26. Bd5 $1 $15 Bxb2 27. Bxb7 Rxc3 28. Rxa6 Rxd3 29. Ra8 Qxa8 30. Qxd3) 26... Rh5 $1 {[%emt 0:00:15]} ({But not} 26... Qxd4 $2 27. Rad1 $18) ({And not} 26... Bxb2 27. dxe5 Rxc3 {[#]} 28. Qh6 $1 $11 {[%mdl 512]}) 27. Qf3 {[%emt 0:03:12]} Bxb2 {[%emt 0:00:14] Double Attack} 28. Nd5 {[%emt 0:00:32]} Bxd5 {[%emt 0:00:41]} 29. Bxd5 {[%emt 0:00:25]} Bxa1 {[%emt 0:01:00]} 30. Rxa1 {[%emt 0:00:04]} Qd6 {[%emt 0:00:19]} 31. h3 {[%emt 0:01:16]} b4 {[%emt 0:00:05]} 32. g4 {[%emt 0:02:21]} Rh4 {[%emt 0:00:24]} 33. Rf1 {[%emt 0:04:54]} Rc3 {[%emt 0:00:47]} 34. e5 {[%emt 0:00:31]} fxe5 $19 {[%emt 0:02:22]} 35. Qf7 {[%emt 0:04:17]} Rhxh3+ {[%emt 0:05:29]} 36. Kg2 {[%emt 0:00:45]} Qd8 {[%emt 0:03:03]} 37. Rf6 {[%emt 0:01:38]} Rhd3 {[%emt 0:04:13]} 0-1

[Event "MARCEL 1st Div Ch-League 2019"]
[Site "Dhaka"]
[Date "2019.11.14"]
[Round "3.11"]
[White "Islam, Mohammad Aminul"]
[Black "Sharmin, Samiha Shimmi"]
[Result "1-0"]
[WhiteElo "2078"]
[BlackElo "1853"]
[Annotator "NA RC"]
[PlyCount "51"]
[EventDate "2019.11.12"]
[EventCountry "BAN"]
[SourceTitle "playchess.com"]
[Source "ChessBase"]
[SourceQuality "1"]
[TimeControl "5400+30"]

{[%evp 8,51,27,20,29,36,30,31,43,51,40,36,72,82,98,92,97,71,117,57,48,55,52,47,50,57,32767,61,66,18,75,68,53,53,64,55,131,32767,32767,32767,32767,32767,32767,32767,1848,2004]} 1. Nf3 {[%emt 1:30:30]} d5 {[%emt 1:30:30]} 2. g3 {[%emt 0:00:30]} Nf6 {[%emt 0:00:30]} 3. Bg2 {[%emt 0:00:30]} e6 {[%emt 0:00:30]} 4. d4 {[%emt 0:00:30]} c5 {[%emt 0:00:30]} 5. c4 {[%emt 0:00:30]} Nc6 {[%emt 0:00:30]} 6. cxd5 {[%emt 0:00:30]} exd5 {[%emt 0:00:30]} 7. O-O {[%emt 0:00:30]} Bd6 {[%emt 0:00:30] D30: Queen's Gambit Declined: Systems without Nc3} (7... Be7 8. Nc3 O-O 9. h3 Ne4 10. dxc5 Bxc5 11. Bf4 Nxc3 12. bxc3 Bf5 13. Nd2 Re8 14. g4 Bg6 15. e3 Bb6 16. Qb3 Re7 17. Rfd1 Rd7 {½-½ (52) Nakamura,H (2777)-Mamedyarov,S (2801) Saint Louis 2018}) 8. Nc3 {[%emt 0:00:30]} Be6 {[%emt 0:00:30]} 9. Bg5 {[%emt 0:00:30]} cxd4 {[%emt 0:00:30]} 10. Nxd4 {[%emt 0:00:30]} h6 {[%emt 0:00:30]} 11. Bxf6 {[%emt 0:00:30]} Qxf6 {[%emt 0:00:30]} 12. Ndb5 {[%emt 0:00:30]} Be5 $146 {[%emt 0:00:30]} ({Predecessor:} 12... Rd8 13. Nxd6+ Rxd6 14. Ne4 dxe4 15. Qxd6 Qxb2 16. Bxe4 Nd8 17. Rab1 Qf6 18. Rxb7 Nxb7 19. Bc6+ Bd7 20. Qxd7+ {1-0 (20) Barre,P (1999)-Delalee,P (1480) Fouesnant 2005}) 13. e4 {[%emt 0:00:30]} d4 {[%emt 0:00:30]} 14. Nd5 {[%emt 0:00:30]} Qd8 {[%emt 0:00:30]} 15. f4 {[%emt 0:00:30]} a6 {[%emt 0:00:30]} 16. Na3 {[%emt 0:00:30]} Bf6 {[%emt 0:00:30]} 17. Nc4 {[%emt 0:00:30]} O-O {[%emt 0:00:30]} 18. Nxf6+ {[%emt 0:00:30]} (18. Ncb6 $16) 18... gxf6 {[%emt 0:00:30]} 19. Nd2 {[%emt 0:00:30]} d3 {[%emt 0:00:30]} 20. f5 {[%emt 0:00:30]} Qb6+ {[%emt 0:00:30]} 21. Kh1 {[%emt 0:00:30]} Bd7 {[%emt 0:00:30]} 22. Rf4 {[%emt 0:00:30]} Qe3 {[%emt 0:00:30]} 23. Qh5 {[%emt 0:00:30]} Kh7 {[%emt 0:00:30]} 24. Nc4 {[%emt 0:00:30]} Qe2 {[%emt 0:00:30]} 25. Bf3 {[%emt 0:00:30]} Qf2 {[%emt 0:00:30]} 26. Rh4 $18 {[%emt 0:00:30]} 1-0

[Event "MARCEL 1st Div Ch-League 2019"]
[Site "Dhaka"]
[Date "2019.11.14"]
[Round "3.12"]
[White "Hasan, Mostafa Razibul"]
[Black "Avik, Sarker"]
[Result "0-1"]
[WhiteElo "1903"]
[BlackElo "1980"]
[Annotator "NA RC"]
[PlyCount "68"]
[EventDate "2019.11.12"]
[EventCountry "BAN"]
[SourceTitle "playchess.com"]
[Source "ChessBase"]
[SourceQuality "1"]
[TimeControl "5400+30"]

{[%evp 8,68,16,22,9,22,33,11,10,21,16,12,19,-12,-8,-25,0,-29,-13,-48,-28,-70,-54,-120,-100,-114,-121,-127,-98,-121,-136,-134,-125,-140,-141,-178,-190,-184,32767,32767,32767,32767,32767,32767,32767,32767,32767,32767,32767,-308,-370,-364,-378,-406,-495,-399,-517,-531,-731,-690,-884,-800,-1620]} 1. Nf3 {[%emt 1:30:30]} d5 {[%emt 1:30:30]} 2. d4 {[%emt 0:00:30]} Nf6 {[%emt 0:00:30]} 3. g3 {[%emt 0:00:30]} e6 {[%emt 0:00:30]} 4. Bg2 {[%emt 0:00:30]} Be7 {[%emt 0:00:30]} 5. O-O {[%emt 0:00:30]} O-O {[%emt 0:00:30]} 6. c4 {[%emt 0:00:30]} dxc4 {[%emt 0:00:30]} 7. Qc2 {[%emt 0:00:30]} a6 {[%emt 0:00:30]} 8. a4 {[%emt 0:00:30]} Bd7 {[%emt 0:00:30]} 9. Ne5 {[%emt 0:00:30]} Nc6 {[%emt 0:00:30]} 10. Nxc6 {[%emt 0:00:30]} Bxc6 {[%emt 0:00:30]} 11. Bxc6 {[%emt 0:00:30]} bxc6 {[%emt 0:00:30]} 12. Qxc4 {[%emt 0:00:30] E05: Open Catalan: 5 Nf3 Be7} (12. Rd1 Rb8 13. Bg5 Nd7 14. Bxe7 Qxe7 15. Na3 Rb4 16. Nxc4 Rfb8 17. Rab1 Qg5 18. Nd2 Qd5 19. b3 Nf6 {1-0 (44) Cifuentes Parada,R (2465)-Martin Duque,J (2345) La Roda 2018}) 12... Qd5 {[%emt 0:00:30]} 13. Qxd5 {[%emt 0:00:30]} cxd5 {[%emt 0:00:30]} 14. Nc3 {[%emt 0:00:30]} c5 $146 {[%emt 0:00:30]} ({Predecessor:} 14... Rab8 15. Ra2 Rb3 16. Bg5 Rfb8 17. Nd1 c5 18. dxc5 Bxc5 19. Bf4 R8b7 {0-1 (48) Goric,E (2268)-Titan,M (2226) Hungary 2018}) 15. e3 {[%emt 0:00:30]} (15. dxc5 $15 Bxc5 16. Bf4) 15... Rab8 {[%emt 0:00:30]} 16. dxc5 {[%emt 0:00:30]} Bxc5 {[%emt 0:00:30]} 17. Rd1 {[%emt 0:00:30]} Rfc8 {[%emt 0:00:30]} 18. Kg2 {[%emt 0:00:30]} Rb3 {[%emt 0:00:30]} 19. Rb1 {[%emt 0:00:30]} Rcb8 {[%emt 0:00:30]} 20. Ne2 {[%emt 0:00:30]} Ne4 {[%emt 0:00:30]} 21. Nd4 {[%emt 0:00:30]} Bxd4 $1 {[%emt 0:00:30]} 22. exd4 {[%emt 0:00:30]} R8b7 {[%emt 0:00:30]} 23. Be3 {[%emt 0:00:30]} Nd6 {[%emt 0:00:30]} 24. Kf1 {[%emt 0:00:30]} Rxb2 {[%emt 0:00:30]} 25. Rxb2 {[%emt 0:00:30]} Rxb2 {[%emt 0:00:30]} 26. Rd2 {[%emt 0:00:30]} Nc4 {[%emt 0:00:30]} 27. Rd3 {[%emt 0:00:30]} f6 {[%emt 0:00:30]} 28. h4 {[%emt 0:00:30]} a5 {[%emt 0:00:30]} 29. Bf4 {[%emt 0:00:30]} Rb4 {[%emt 0:00:30]} 30. Ke2 {[%emt 0:00:30]} Rxa4 {[%emt 0:00:30]} 31. Rb3 {[%emt 0:00:30]} Rb4 {[%emt 0:00:30]} 32. Rxb4 {[%emt 0:00:30]} axb4 {[%emt 0:00:30]} 33. Kd3 {[%emt 0:00:30]} b3 {[%emt 0:00:30]} 34. Kc3 $19 {[%emt 0:00:30]} b2 {[%emt 0:00:30]} 0-1

[Event "MARCEL 1st Div Ch-League 2019"]
[Site "Dhaka"]
[Date "2019.11.15"]
[Round "4.1"]
[White "Suvradeepta, Das"]
[Black "Imam, Farhadur"]
[Result "*"]
[WhiteElo "1997"]
[BlackElo "2033"]
[Annotator "NA RC"]
[PlyCount "24"]
[EventDate "2019.11.12"]
[EventCountry "BAN"]
[SourceTitle "playchess.com"]
[Source "ChessBase"]
[SourceQuality "1"]
[TimeControl "5400+30"]

1. c4 {[%emt 1:30:30]} c6 {[%emt 0:04:12]} 2. g3 {[%emt 0:00:00]} d5 {[%emt 0:00:51]} 3. Bg2 {[%emt 0:00:00]} g6 {[%emt 0:01:38]} 4. Nf3 {[%emt 0:00:00]} Bg7 {[%emt 0:00:32]} 5. O-O {[%emt 0:00:00]} Nf6 {[%emt 0:00:24]} 6. d4 $11 {[%emt 0:00:00]} O-O {[%emt 0:19:44]} 7. b3 {[%emt 0:00:00]} Ne4 {[%emt 0:00:30]} 8. Bb2 {[%emt 0:00:00]} Nd7 {[%emt 0:00:30]} 9. Nbd2 {[%emt 0:00:00]} Nxd2 {[%emt 0:00:30]} 10. Qxd2 {[%emt 0:00:00]} dxc4 {[%emt 0:00:30]} 11. bxc4 {[%emt 0:00:00]} e5 {[%emt 0:00:30]} 12. d5 {[%emt 0:00:00]} cxd5 {[%emt 0:00:30]} *

[Event "MARCEL 1st Div Ch-League 2019"]
[Site "Dhaka"]
[Date "2019.11.15"]
[Round "4.2"]
[White "Sambarta Banerjee"]
[Black "Sarbojit Paul"]
[Result "1/2-1/2"]
[WhiteElo "1957"]
[BlackElo "2074"]
[Annotator "NA"]
[PlyCount "26"]
[EventDate "2019.11.12"]
[EventCountry "BAN"]
[SourceTitle "playchess.com"]
[Source "ChessBase"]
[SourceQuality "1"]
[TimeControl "5400+30"]

1. d4 {[%emt 0:00:00]} d5 {[%emt 0:09:57]} 2. c4 {[%emt 0:00:00]} dxc4 {[%emt 0:00:54]} 3. e3 {[%emt 0:00:35]} e5 {[%emt 0:00:40]} 4. Bxc4 {[%emt 0:03:16]} exd4 {[%emt 0:00:03]} 5. Qxd4 {[%emt 0:19:35]} Qxd4 {[%emt 0:00:30]} 6. exd4 {[%emt 0:00:30]} Nc6 {[%emt 0:00:30]} 7. Ne2 {[%emt 0:00:30]} Nf6 {[%emt 0:00:30]} 8. Nbc3 {[%emt 0:00:30]} a6 {[%emt 0:00:30]} 9. Bf4 {[%emt 0:00:30]} b5 {[%emt 0:00:30]} 10. Bb3 {[%emt 0:00:30]} Bd6 {[%emt 0:00:30]} 11. Bxd6 {[%emt 0:00:30]} cxd6 {[%emt 0:00:30]} 12. O-O {[%emt 0:00:30]} Na5 {[%emt 0:00:30]} 13. Bc2 {[%emt 0:00:30]} Bb7 {[%emt 0:00:30]} 1/2-1/2

[Event "MARCEL 1st Div Ch-League 2019"]
[Site "Dhaka"]
[Date "2019.11.15"]
[Round "4.3"]
[White "Gias Uddin, Ahmed"]
[Black "Suvankar Maity"]
[Result "*"]
[WhiteElo "1900"]
[BlackElo "1795"]
[Annotator "NA RC"]
[PlyCount "19"]
[EventDate "2019.11.12"]
[EventCountry "BAN"]
[SourceTitle "playchess.com"]
[Source "ChessBase"]
[SourceQuality "1"]
[TimeControl "5400+30"]

{[%evp 8,19,45,28,32,21,83,14,9,2,29,20,24,-11]} 1. c4 {[%emt 0:00:45]} c5 {[%emt 0:00:00]} 2. Nc3 {[%emt 0:00:09]} e6 {[%emt 0:00:00]} 3. e4 {[%emt 0:00:55]} a6 {[%emt 0:00:09]} 4. Nf3 {[%emt 0:00:21]} Qc7 {[%emt 0:00:25]} 5. g3 {[%emt 0:01:34]} Nc6 {[%emt 0:00:16]} 6. Bg2 {[%emt 0:00:36]} g6 {[%emt 0:01:59]} (6... Nge7 $11 {remains equal.}) 7. O-O {[%emt 0:04:06]} ({White should try} 7. d4 $16) 7... Bg7 {[%emt 1:30:41]} 8. d3 {[%emt 0:01:31]} Nge7 {[%emt 0:01:05]} 9. Be3 {[%emt 0:03:23]} Nd4 {[%emt 0:00:50]} 10. Nh4 $11 {[%emt 0:01:29]} *

[Event "MARCEL 1st Div Ch-League 2019"]
[Site "Dhaka"]
[Date "2019.11.15"]
[Round "4.5"]
[White "Singh, Soram Rahul"]
[Black "Sabya, Sachi"]
[Result "*"]
[WhiteElo "2104"]
[BlackElo "1887"]
[Annotator "TA"]
[PlyCount "32"]
[EventDate "2019.11.12"]
[EventCountry "BAN"]
[SourceTitle "playchess.com"]
[Source "ChessBase"]
[SourceQuality "1"]

{[%evp 14,15,20,16]} 1. d4 f5 2. g3 Nf6 3. Bg2 g6 4. Nh3 Bg7 5. O-O c6 6. c4 d6 7. d5 O-O 8. Nc3 {Predecessor:} Bd7 $146 9. c5 dxc5 10. Qb3 Qb6 11. dxc6+ Qxb3 12. cxb7 Qb6 13. bxa8=Q Nc6 14. Na4 Qb5 15. Bxc6 Bxc6 16. Qxa7 Qxe2 {1-0 (62) Li,C (2728)-Gabrielian,A (2551) Cappelle-la-Grande 2015} *

[Event "MARCEL 1st Div Ch-League 2019"]
[Site "Dhaka"]
[Date "2019.11.15"]
[Round "4.6"]
[White "Nurul, Islam"]
[Black "S.a.m., Nasir"]
[Result "*"]
[WhiteElo "1989"]
[BlackElo "2002"]
[Annotator "NA RC"]
[PlyCount "21"]
[EventDate "2019.11.12"]
[EventCountry "BAN"]
[SourceTitle "playchess.com"]
[Source "ChessBase"]
[SourceQuality "1"]
[TimeControl "5400+30"]

{[%evp 8,21,38,42,37,23,51,30,47,35,67,50,77,66,70,54]} 1. e4 {[%emt 0:00:47]} d6 {[%emt 1:30:30]} 2. d4 {[%emt 1:30:13]} g6 {[%emt 0:00:00]} 3. c4 {[%emt 0:00:30]} Bg7 {[%emt 0:00:07]} 4. Nf3 {[%emt 0:00:00]} Nf6 {[%emt 0:00:32]} 5. Nc3 {[%emt 0:00:00]} O-O {[%emt 0:00:14]} 6. Be2 {[%emt 0:00:00]} Nbd7 {[%emt 0:00:47]} 7. h3 {[%emt 0:02:00]} c6 {[%emt 0:01:55]} 8. Be3 {[%emt 0:00:00]} Qc7 {[%emt 0:00:41]} 9. Rc1 {[%emt 0:00:00]} e5 {[%emt 0:00:40]} 10. d5 {[%emt 0:00:00]} a5 {[%emt 0:00:37]} 11. O-O $14 {[%emt 0:02:00]} *

[Event "MARCEL 1st Div Ch-League 2019"]
[Site "Dhaka"]
[Date "2019.11.15"]
[Round "4.7"]
[White "Apollosana Mangang, Rajkumar"]
[Black "Bappi, A.b."]
[Result "*"]
[WhiteElo "2078"]
[BlackElo "1827"]
[Annotator "NA RC"]
[PlyCount "21"]
[EventDate "2019.11.12"]
[EventCountry "BAN"]
[SourceTitle "playchess.com"]
[Source "ChessBase"]
[SourceQuality "1"]
[TimeControl "5400+30"]

{[%evp 8,21,24,22,39,25,31,17,26,21,22,35,38,33,50,52]} 1. e4 {[%emt 0:00:00]} e5 {[%emt 0:00:03]} 2. Nf3 {[%emt 1:31:00]} Nc6 {[%emt 0:00:00]} 3. Bb5 {[%emt 0:00:00]} Nf6 {[%emt 0:00:00]} 4. d3 {[%emt 0:00:00]} d6 {[%emt 0:00:00]} 5. c3 {[%emt 0:00:00]} Be7 {[%emt 0:00:00]} 6. O-O {[%emt 0:00:00]} O-O {[%emt 0:00:00]} 7. Re1 {[%emt 0:00:00]} a6 {[%emt 0:00:00]} 8. Ba4 {[%emt 0:00:00]} Bg4 {[%emt 0:00:00]} 9. h3 {[%emt 0:00:00]} Bh5 {[%emt 0:03:00]} 10. Nbd2 {[%emt 0:00:00]} h6 {[%emt 0:00:30]} 11. Nf1 $14 {[%emt 0:00:00]} *